[Event "XX Festival A"]
[Site "Porto San Giorgio ITA"]
[Date "2008.08.25"]
[Round "5"]
[White "Parpinel, Marco"]
[Black "Mancini, Giustino"]
[Result "1-0"]
[WhiteElo "2159"]
[BlackElo "2019"]
[PlyCount "45"]
[EventDate "2008.08.21"]

1. e4 e5 2. f4 exf4 3. Nf3 d6 4. d4 g5 5. Nc3 g4 6. Bxf4 gxf3 7. Qxf3 Nc6 8.
Bb5 Qh4+ 9. g3 Qg4 10. Qe3 Bd7 11. h3 Qg7 12. O-O-O Nge7 13. g4 Ng6 14. Nd5
O-O-O 15. Bg5 Be7 16. Bh6 Qg8 17. Rhf1 Re8 18. Qa3 Kb8 19. Rf3 Nh4 20. Rb3 Bg5+
21. Kb1 Rxe4 22. Qa6 bxa6 23. Bxa6+ 1-0

[Event "XX Festival A"]
[Site "Porto San Giorgio ITA"]
[Date "2008.08.25"]
[Round "5"]
[White "Peredy, Ferenc"]
[Black "Dragojlovic, Andjelko"]
[Result "1/2-1/2"]
[WhiteElo "2251"]
[BlackElo "2400"]
[PlyCount "29"]
[EventDate "2008.08.21"]

1. d4 Nf6 2. c4 g6 3. Nc3 d5 4. cxd5 Nxd5 5. e4 Nxc3 6. bxc3 Bg7 7. Nf3 c5 8.
Be3 O-O 9. Qd2 Qa5 10. Rc1 Bg4 11. d5 e6 12. c4 Qxd2+ 13. Nxd2 exd5 14. cxd5 b6
15. Bc4 1/2-1/2

[Event "XX Festival A"]
[Site "Porto San Giorgio ITA"]
[Date "2008.08.25"]
[Round "5"]
[White "Piva, Giorgio"]
[Black "Allegranti, Luca"]
[Result "1-0"]
[WhiteElo "2167"]
[BlackElo "2026"]
[PlyCount "39"]
[EventDate "2008.08.21"]

1. d4 f5 2. g3 Nf6 3. Bg2 g6 4. Nh3 Bg7 5. c4 d6 6. d5 e5 7. dxe6 c6 8. O-O
Bxe6 9. Qa4 O-O 10. Ng5 Bd7 11. Nc3 Na6 12. Bf4 h6 13. Nf3 Be6 14. Rad1 d5 15.
Nd4 Bd7 16. cxd5 Nxd5 17. Nxd5 cxd5 18. Bxd5+ Kh7 19. Qa3 Qb6 20. Qe7 1-0

[Event "XX Festival A"]
[Site "Porto San Giorgio ITA"]
[Date "2008.08.25"]
[Round "5"]
[White "Rinaudo, Sergio"]
[Black "Eperjesi, Laszlo"]
[Result "0-1"]
[WhiteElo "2116"]
[BlackElo "2294"]
[PlyCount "82"]
[EventDate "2008.08.21"]

1. d4 Nf6 2. Nf3 e6 3. e3 b6 4. Bd3 Bb7 5. O-O c5 6. c4 Be7 7. Nc3 cxd4 8. exd4
O-O 9. d5 exd5 10. Nxd5 Nxd5 11. cxd5 d6 12. Bf4 Nd7 13. Qd2 Nf6 14. Bc4 Rc8
15. Bb3 Ne4 16. Qd1 Bf6 17. Rb1 Qd7 18. Re1 Nc5 19. Bc2 a5 20. Ng5 g6 21. Ne4
Nxe4 22. Bxe4 Rc4 23. Qf3 Re8 24. h3 Bg7 25. Bd3 Rd4 26. Rxe8+ Qxe8 27. Bxd6
Bxd5 28. Qg3 Bxa2 29. Rc1 Be6 30. Bf4 Rb4 31. Be5 Bxe5 32. Qxe5 Qd8 33. Ba6 Qd4
34. Qxd4 Rxd4 35. Rc2 Kf8 36. Kf1 Ke7 37. Ke2 Kd6 38. Ke3 Rb4 39. Bd3 h5 40.
Kd2 Rd4 41. Kc3 Rxd3+ 0-1

[Event "XX Festival A"]
[Site "Porto San Giorgio ITA"]
[Date "2008.08.25"]
[Round "5"]
[White "Sbraccia, Giovanni"]
[Black "Caprio, Guido"]
[Result "1/2-1/2"]
[WhiteElo "2106"]
[BlackElo "2188"]
[PlyCount "45"]
[EventDate "2008.08.21"]

1. d4 Nf6 2. Nf3 g6 3. b4 Bg7 4. Bb2 c6 5. c4 O-O 6. e3 d5 7. Qb3 Nbd7 8. Nc3
dxc4 9. Bxc4 Nb6 10. Be2 Be6 11. Qc2 a5 12. bxa5 Nc4 13. O-O Qxa5 14. a4 Nxb2
15. Qxb2 Rac8 16. Rac1 Rc7 17. Ne5 Nd7 18. f4 Nxe5 19. dxe5 Qa7 20. Kf2 f6 21.
Nb5 cxb5 22. Rxc7 fxe5 23. Rxe7 1/2-1/2

[Event "XX Festival A"]
[Site "Porto San Giorgio ITA"]
[Date "2008.08.25"]
[Round "5"]
[White "Schweizer, Manfred"]
[Black "Rettore, Ludwig"]
[Result "1/2-1/2"]
[WhiteElo "2117"]
[BlackElo "2230"]
[PlyCount "136"]
[EventDate "2008.08.21"]

1. Nf3 d5 2. g3 Nf6 3. Bg2 Bg4 4. d3 c6 5. Nbd2 Nbd7 6. O-O e5 7. e4 dxe4 8.
dxe4 Bc5 9. h3 Bh5 10. Qe2 O-O 11. Nb3 Bb6 12. a4 a5 13. Be3 Qc7 14. g4 Bg6 15.
Nfd2 Bxe3 16. Qxe3 Rfe8 17. Nc4 Nf8 18. f3 N6d7 19. Rfd1 Ne6 20. Ncxa5 Nd4 21.
Nxd4 exd4 22. Qxd4 Ne5 23. Nc4 Nxf3+ 24. Bxf3 Qg3+ 25. Bg2 Bxe4 26. Qf2 Qxf2+
27. Kxf2 Bxg2 28. Kxg2 Re2+ 29. Kf3 Rxc2 30. Nb6 Re8 31. Rab1 g5 32. Rd3 Rh2
33. Kg3 Ree2 34. Rg1 Rxb2 35. Nc4 Ra2 36. Nd6 Kg7 37. Nxb7 Rhb2 38. Nc5 Rc2 39.
Ne4 h6 40. Rc3 Rxc3+ 41. Nxc3 Rc2 42. Nd1 Ra2 43. Ne3 Rxa4 44. Nf5+ Kh7 45. Rc1
Ra3+ 46. Kg2 Ra2+ 47. Kf3 Ra3+ 48. Ne3 Ra6 49. Rc3 h5 50. Nf5 hxg4+ 51. hxg4 f6
52. Ne7 Ra4 53. Nf5 Ra6 54. Nd4 Ra4 55. Ke4 Ra1 56. Rxc6 Rg1 57. Kf3 Rf1+ 58.
Kg3 Rg1+ 59. Kh3 Rh1+ 60. Kg2 Re1 61. Nf5 Kg6 62. Rd6 Ra1 63. Rd8 Ra2+ 64. Kf3
Ra3+ 65. Ne3 Ra4 66. Rc8 Rb4 67. Rc4 Rxc4 68. Nxc4 f5 1/2-1/2

[Event "XX Festival A"]
[Site "Porto San Giorgio ITA"]
[Date "2008.08.25"]
[Round "5"]
[White "Stromboli, Ettore"]
[Black "Trent, Lawrence"]
[Result "1/2-1/2"]
[WhiteElo "2300"]
[BlackElo "2470"]
[PlyCount "70"]
[EventDate "2008.08.21"]

1. e4 e5 2. Nf3 Nc6 3. Bb5 Nf6 4. d3 d6 5. h3 Bd7 6. c3 g6 7. O-O Bg7 8. Re1
O-O 9. Nbd2 h6 10. Nf1 Kh7 11. Ng3 Ng8 12. Bxc6 Bxc6 13. d4 Qe7 14. Qe2 Nf6 15.
Be3 Nxe4 16. Nxe4 Bxe4 17. dxe5 dxe5 18. Bg5 hxg5 19. Qxe4 c6 20. Nxe5 f5 21.
Qe3 Rfe8 22. Nf3 Qxe3 23. Rxe3 Rxe3 24. fxe3 Re8 25. Nxg5+ Kh6 26. Nf7+ Kh5 27.
Kf2 Bf8 28. Kf3 Bc5 29. g4+ Kh4 30. gxf5 gxf5 31. Kf4 Re7 32. Nd8 Bb6 33. Rd1
Kxh3 34. Kxf5 Rxe3 35. Nxb7 Re2 1/2-1/2

[Event "XX Festival A"]
[Site "Porto San Giorgio ITA"]
[Date "2008.08.25"]
[Round "5"]
[White "Tomescu, Vlad"]
[Black "Gordon, Stephen J."]
[Result "0-1"]
[WhiteElo "2405"]
[BlackElo "2508"]
[PlyCount "48"]
[EventDate "2008.08.21"]

1. d4 Nf6 2. c4 e6 3. Nc3 Bb4 4. Bd2 O-O 5. e3 b6 6. Nge2 Bb7 7. a3 Be7 8. Nf4
d5 9. cxd5 exd5 10. b4 c5 11. bxc5 bxc5 12. Rb1 Bc6 13. dxc5 Bxc5 14. Bb5 d4
15. exd4 Re8+ 16. Nce2 Qxd4 17. O-O Qd6 18. Bb4 Qxd1 19. Rfxd1 Bxb5 20. Bxc5
Bxe2 21. Nxe2 Rxe2 22. Bxa7 Rxa7 23. Rxb8+ Re8 24. Rxe8+ Nxe8 0-1

[Event "XX Festival A"]
[Site "Porto San Giorgio ITA"]
[Date "2008.08.25"]
[Round "5"]
[White "Tugui, Adrian"]
[Black "Ferri, Stefano"]
[Result "1-0"]
[WhiteElo "2375"]
[BlackElo "2146"]
[PlyCount "95"]
[EventDate "2008.08.21"]

1. d4 d5 2. Bg5 c6 3. e3 Qb6 4. Qc1 Bf5 5. Nf3 Nd7 6. Nbd2 f6 7. Bf4 g5 8. Bg3
h5 9. h3 Nh6 10. c4 Bg7 11. cxd5 cxd5 12. Bc7 Qe6 13. Qd1 O-O 14. Rc1 Rfc8 15.
Nb3 Nf7 16. Bd3 Be4 17. Bxe4 Qxe4 18. O-O b6 19. Nbd2 Qg6 20. Qa4 Nf8 21. Qb5
g4 22. Nh4 Qg5 23. g3 Ne6 24. Bf4 Nxf4 25. exf4 Nd6 26. Qd7 Qh6 27. Qxe7 f5 28.
hxg4 hxg4 29. Rxc8+ Rxc8 30. Re1 Bf8 31. Qe5 Qg7 32. Qxd5+ Qf7 33. Re6 Rd8 34.
Nxf5 Nxf5 35. Rg6+ Ng7 36. Rxg7+ Kxg7 37. Qxd8 Qxa2 38. Qg5+ Kf7 39. Qf5+ Ke7
40. Qg5+ Ke8 41. Qe5+ Kd7 42. Ne4 Be7 43. d5 Qa4 44. f5 Qd1+ 45. Kh2 Qf1 46. f6
Bc5 47. Nxc5+ bxc5 48. Qe7+ 1-0

[Event "XX Festival A"]
[Site "Porto San Giorgio ITA"]
[Date "2008.08.25"]
[Round "5"]
[White "Vuelban, Virgilio"]
[Black "Cioara, Andrei Nestor"]
[Result "0-1"]
[WhiteElo "2263"]
[BlackElo "2452"]
[PlyCount "106"]
[EventDate "2008.08.21"]

1. e4 e6 2. d4 d5 3. Nc3 Bb4 4. e5 c5 5. a3 Ba5 6. Bd2 Nc6 7. Nb5 Bxd2+ 8. Qxd2
Nxd4 9. Nxd4 cxd4 10. f4 Ne7 11. Nf3 Nc6 12. Nxd4 O-O 13. O-O-O f6 14. exf6
Qxf6 15. g3 Nxd4 16. Qxd4 Qxd4 17. Rxd4 Bd7 18. Bd3 Bc6 19. Re1 Rae8 20. Re5 b5
21. Kd2 g6 22. Ke3 Kf7 23. h4 Rg8 24. Rb4 Rb8 25. Rb3 Ke7 26. Rc3 Kd6 27. b4
Rbe8 28. Rc5 a6 29. Kd4 Re7 30. a4 bxa4 31. Ra5 Rb8 32. c3 Rb6 33. Bxa6 Ra7 34.
Rxe6+ Kxe6 35. Bc8+ Rd7 36. Kc5 Rb8 37. Bxd7+ Kxd7 38. Ra7+ Rb7 39. Ra6 Rc7 40.
Ra5 Bb7+ 41. Kd4 Rc4+ 42. Kd3 Bc6 43. Ra7+ Ke6 44. Rxh7 Bb5 45. Kd2 d4 46. cxd4
Rxd4+ 47. Kc2 Rc4+ 48. Kb2 Rxb4+ 49. Ka2 Be2 50. Ra7 Kf5 51. Re7 Re4 52. Rg7
Re3 53. Rf7+ Kg4 0-1

[Event "XX Festival A"]
[Site "Porto San Giorgio ITA"]
[Date "2008.08.26"]
[Round "6"]
[White "Aleksic, Nenad"]
[Black "Calavalle, Giulio"]
[Result "1-0"]
[WhiteElo "2371"]
[BlackElo "2231"]
[PlyCount "71"]
[EventDate "2008.08.21"]

1. e4 c5 2. Nf3 d6 3. d4 cxd4 4. Nxd4 Nf6 5. Nc3 g6 6. Bc4 Bg7 7. h3 O-O 8. O-O
a6 9. Re1 b5 10. Bb3 Bb7 11. a4 b4 12. Nd5 Nbd7 13. Nxb4 Qb6 14. c3 e5 15. a5
Qc7 16. Ndc2 Bxe4 17. Ne3 Bb7 18. Ned5 Nxd5 19. Bxd5 Bxd5 20. Nxd5 Qd8 21. Be3
Nc5 22. Nb6 Rb8 23. Bxc5 dxc5 24. Qe2 Rxb6 25. axb6 Qxb6 26. Rxa6 Qb3 27. Rea1
Rb8 28. Ra8 Bf6 29. R1a3 Qb7 30. Qf3 Kg7 31. Qxb7 Rxb7 32. Ra2 Rc7 33. R2a7 Rc6
34. Ra6 Rc7 35. R8a7 Rc8 36. Rb7 1-0

[Event "XX Festival A"]
[Site "Porto San Giorgio ITA"]
[Date "2008.08.26"]
[Round "6"]
[White "Allegranti, Luca"]
[Black "Dann, Timothy"]
[Result "1/2-1/2"]
[WhiteElo "2026"]
[BlackElo "2137"]
[PlyCount "108"]
[EventDate "2008.08.21"]

1. d4 Nf6 2. Nf3 e6 3. e3 d5 4. Bd3 c5 5. b3 cxd4 6. exd4 Nc6 7. Bb2 Bd6 8.
Nbd2 Qc7 9. Qe2 O-O 10. a3 e5 11. Nxe5 Re8 12. f4 Ng4 13. Qf3 Nxd4 14. Bxd4
Nxe5 15. fxe5 Bxe5 16. Bxe5 Qxe5+ 17. Kf2 Qd4+ 18. Kg3 Re3 19. Qxe3 Qxe3+ 20.
Nf3 Be6 21. Rhe1 Qh6 22. Re2 Qf6 23. Rae1 g5 24. h3 Kg7 25. Re5 h6 26. Kh2 Qf4+
27. Kg1 g4 28. hxg4 Qxg4 29. Kf2 Rh8 30. Rh1 Kf8 31. Rh4 Qg7 32. Rf4 Ke7 33.
Rd4 Rg8 34. Bf1 Qg3+ 35. Ke2 f6 36. Re3 Qc7 37. Kd1 Kf7 38. Rd2 Qc5 39. Rde2
Bg4 40. b4 Qd6 41. Rd2 Bxf3+ 42. Rxf3 Re8 43. Bc4 Qe5 44. Bxd5+ Kf8 45. c3 b6
46. Kc2 Kg7 47. Rfd3 Qe1 48. Bf3 Re7 49. Kb2 a5 50. Rd4 axb4 51. axb4 f5 52.
Rd1 Qe5 53. Rd5 Qf6 54. Rd6 Re6 1/2-1/2

[Event "XX Festival A"]
[Site "Porto San Giorgio ITA"]
[Date "2008.08.26"]
[Round "6"]
[White "Andonov, Bogomil"]
[Black "Piva, Giorgio"]
[Result "1/2-1/2"]
[WhiteElo "2326"]
[BlackElo "2167"]
[PlyCount "61"]
[EventDate "2008.08.21"]

1. c4 e5 2. Nc3 Nc6 3. e3 g6 4. d4 d6 5. Nf3 Bg7 6. h3 Nh6 7. dxe5 Nxe5 8. Nxe5
dxe5 9. Qxd8+ Kxd8 10. g4 f6 11. b3 Nf7 12. Be2 c6 13. Bb2 Kc7 14. O-O-O Be6
15. Ne4 Rad8 16. f4 Rxd1+ 17. Rxd1 f5 18. Ng3 Rg8 19. gxf5 gxf5 20. Nh5 Bh8 21.
fxe5 Bxe5 22. Nf4 Bxb2+ 23. Kxb2 Bc8 24. Kc3 Rg3 25. Kd4 Ng5 26. h4 Ne6+ 27.
Nxe6+ Bxe6 28. Rf1 b6 29. Rf3 Rxf3 30. Bxf3 Kd6 31. e4 1/2-1/2

[Event "XX Festival A"]
[Site "Porto San Giorgio ITA"]
[Date "2008.08.26"]
[Round "6"]
[White "Antonelli, Fabrizio"]
[Black "Calandri, Fausto"]
[Result "1/2-1/2"]
[WhiteElo "2035"]
[BlackElo "2138"]
[PlyCount "103"]
[EventDate "2008.08.21"]

1. e4 e6 2. Qe2 e5 3. Nf3 Nc6 4. g3 Nf6 5. Bg2 Bc5 6. O-O O-O 7. c3 d6 8. h3
Qe7 9. b4 Bb6 10. a4 a5 11. b5 Nb8 12. Na3 Be6 13. d3 Nbd7 14. Nd2 Nc5 15. Nac4
Bxc4 16. Nxc4 Nb3 17. Nxb6 cxb6 18. Ra2 Nxc1 19. Rxc1 Rac8 20. Qe3 Nd7 21. Bf3
Qe6 22. Qe2 Qxh3 23. Bg4 Qh6 24. Rd2 Rfd8 25. Kg2 Qg5 26. Rdd1 Rc7 27. Bxd7
Rdxd7 28. c4 g6 29. Rh1 h5 30. Rcf1 f5 31. f4 exf4 32. Rxf4 Re7 33. Rhf1 Kh7
34. Qf2 fxe4 35. dxe4 Qc5 36. Qb2 Qxc4 37. Qf6 Rxe4 38. Qxd6 Rxf4 39. Rxf4 Qc2+
40. Rf2 Qc5 41. Qe6 Re7 42. Rf7+ Rxf7 43. Qxf7+ Kh6 44. Qf4+ Kg7 45. Qe4 Qd6
46. Qxb7+ Kf6 47. Qe4 Qe6 48. Qf4+ Kg7 49. Qc7+ Kh6 50. Qc1+ Kg7 51. Qc7+ Kf6
52. Qf4+ 1/2-1/2

[Event "XX Festival A"]
[Site "Porto San Giorgio ITA"]
[Date "2008.08.26"]
[Round "6"]
[White "Bianchi, Alberto"]
[Black "Schweizer, Manfred"]
[Result "1/2-1/2"]
[WhiteElo "2004"]
[BlackElo "2117"]
[PlyCount "60"]
[EventDate "2008.08.21"]

1. e4 d6 2. f3 e5 3. Bc4 Nf6 4. Ne2 c6 5. d4 Be7 6. Be3 O-O 7. O-O Nbd7 8. Nbc3
b5 9. Bd3 b4 10. Nb1 d5 11. c3 a5 12. Nd2 Ba6 13. Bxa6 Rxa6 14. Ng3 c5 15. Nf5
g6 16. Qe2 Re6 17. Nxe7+ Qxe7 18. dxc5 Nxc5 19. cxb4 axb4 20. Qb5 d4 21. Bg5
Ncd7 22. Rfc1 Rb8 23. Qc4 Qd6 24. Bh6 Ne8 25. Nb3 Qb6 26. Qd3 Nd6 27. Rc2 Ree8
28. Rac1 Rec8 29. Rxc8+ Rxc8 30. Rxc8+ Nxc8 1/2-1/2

[Event "XX Festival A"]
[Site "Porto San Giorgio ITA"]
[Date "2008.08.26"]
[Round "6"]
[White "Calzetta Ruiz, Monica"]
[Black "Sbraccia, Giovanni"]
[Result "1-0"]
[WhiteElo "2264"]
[BlackElo "2106"]
[PlyCount "69"]
[EventDate "2008.08.21"]

1. e4 c6 2. d4 d5 3. Nd2 dxe4 4. Nxe4 Bf5 5. Ng3 Bg6 6. h4 h6 7. Nf3 Nd7 8. h5
Bh7 9. Bd3 Bxd3 10. Qxd3 Qc7 11. Bd2 e6 12. O-O-O Ngf6 13. Ne4 O-O-O 14. g3
Nxe4 15. Qxe4 Bd6 16. Qe2 Rhe8 17. c4 c5 18. Bc3 Nf6 19. Kb1 Qc6 20. Rh4 Rd7
21. Rc1 Rc7 22. dxc5 Qxc5 23. Ne5 Bxe5 24. Bxe5 Rd7 25. a3 Red8 26. Bf4 Qf5+
27. Ka1 Rd4 28. c5 Qd3 29. Qe5 Rxf4 30. Rxf4 Rd5 31. Qe1 Rxh5 32. c6 b6 33. Qb4
e5 34. Qf8+ Qd8 35. Qxf7 1-0

[Event "XX Festival A"]
[Site "Porto San Giorgio ITA"]
[Date "2008.08.26"]
[Round "6"]
[White "Capezza, Marco"]
[Black "Marozzi, Giovanni"]
[Result "0-1"]
[WhiteElo "2104"]
[BlackElo "2041"]
[PlyCount "42"]
[EventDate "2008.08.21"]

1. d4 d5 2. c4 dxc4 3. Nf3 Bf5 4. e3 e6 5. Bxc4 c5 6. Nc3 Nf6 7. O-O Nc6 8. Bb5
Rc8 9. Qa4 Qb6 10. dxc5 Bxc5 11. Nd4 Bxd4 12. exd4 O-O 13. Be3 Ng4 14. Be2 Nxe3
15. fxe3 Qxb2 16. Qb3 Qxb3 17. axb3 Nxd4 18. exd4 Rxc3 19. Rxa7 Rxb3 20. d5 Rb2
21. Bc4 Be4 0-1

[Event "XX Festival A"]
[Site "Porto San Giorgio ITA"]
[Date "2008.08.26"]
[Round "6"]
[White "Caprio, Guido"]
[Black "Piscitelli, Vito"]
[Result "1/2-1/2"]
[WhiteElo "2188"]
[BlackElo "2003"]
[PlyCount "21"]
[EventDate "2008.08.21"]

1. Nf3 Nf6 2. d4 d5 3. Bf4 Bf5 4. e3 e6 5. Bd3 Bxd3 6. Qxd3 Bd6 7. Bxd6 Qxd6 8.
O-O O-O 9. h3 h6 10. Nbd2 Nbd7 11. e4 1/2-1/2

[Event "XX Festival A"]
[Site "Porto San Giorgio ITA"]
[Date "2008.08.26"]
[Round "6"]
[White "Cioara, Andrei Nestor"]
[Black "Jovanic, Ognjen"]
[Result "1/2-1/2"]
[WhiteElo "2452"]
[BlackElo "2493"]
[PlyCount "20"]
[EventDate "2008.08.21"]

1. e4 c5 2. Nf3 e6 3. d4 cxd4 4. Nxd4 Nc6 5. Nc3 Qc7 6. g3 a6 7. Bg2 d6 8. O-O
Bd7 9. a4 Nf6 10. Nxc6 Bxc6 1/2-1/2

[Event "XX Festival A"]
[Site "Porto San Giorgio ITA"]
[Date "2008.08.26"]
[Round "6"]
[White "Di Donatantonio, Franco"]
[Black "Estremera Panos, Sergio"]
[Result "1-0"]
[WhiteElo "2135"]
[BlackElo "2394"]
[PlyCount "139"]
[EventDate "2008.08.21"]

1. d3 c5 2. e4 Nc6 3. Nf3 g6 4. Be2 Bg7 5. O-O Nf6 6. c3 O-O 7. Nbd2 d5 8. Qc2
e5 9. Re1 h6 10. Nf1 d4 11. Bd2 Be6 12. Ng3 Nd7 13. c4 a6 14. a3 a5 15. b3 Rb8
16. Reb1 b5 17. Qc1 Kh7 18. h3 Qe7 19. Nh2 h5 20. Nf3 f6 21. Qe1 Rb7 22. Qd1
Rfb8 23. Nh4 Bf7 24. Nxg6 Bxg6 25. Bxh5 Qe8 26. Bg4 bxc4 27. bxc4 Nf8 28. Rxb7
Rxb7 29. Rb1 Rxb1 30. Qxb1 Qb8 31. Qxb8 Nxb8 32. Bxa5 Be8 33. Nf5 Bd7 34. Kf1
Bh6 35. Nxh6 Kxh6 36. Bxd7 Nfxd7 37. Ke2 Kg6 38. g3 Nc6 39. Bc7 Nf8 40. f4 exf4
41. gxf4 f5 42. Kf3 Ne6 43. Bb6 Ne7 44. a4 Nc6 45. a5 Nb4 46. h4 Na6 47. h5+
Kf6 48. h6 Nf8 49. Bd8+ Ke6 50. exf5+ Kxf5 51. Be7 Nh7 52. Bd6 Nf6 53. Be5 Nh7
54. Kg3 Nb4 55. Kf3 Na6 56. Ke2 Kg6 57. Kd2 Kxh6 58. Kc2 Nb4+ 59. Kb3 Nf8 60.
Bxd4 Nxd3 61. a6 Nd7 62. a7 Nb6 63. Kc3 Nxf4 64. Bxc5 Na8 65. Be3 Kg5 66. Kd4
Kf5 67. Bxf4 Ke6 68. Kc5 Kd7 69. Kb5 Kc8 70. Ka6 1-0

[Event "XX Festival A"]
[Site "Porto San Giorgio ITA"]
[Date "2008.08.26"]
[Round "6"]
[White "Dragojlovic, Andjelko"]
[Black "Della Corte, Alessandro"]
[Result "1/2-1/2"]
[WhiteElo "2400"]
[BlackElo "2247"]
[PlyCount "42"]
[EventDate "2008.08.21"]

1. Nf3 d5 2. g3 Bg4 3. Bg2 Nd7 4. d3 e6 5. Nbd2 Bd6 6. h3 Bh5 7. e4 c6 8. O-O
Ne7 9. Qe1 Qb6 10. a4 a5 11. d4 O-O 12. c3 c5 13. e5 Bc7 14. g4 Bg6 15. Qe3
cxd4 16. cxd4 Nc6 17. h4 Nb4 18. Ne1 f6 19. h5 Bc2 20. h6 fxe5 21. hxg7 Rf7
1/2-1/2

[Event "XX Festival A"]
[Site "Porto San Giorgio ITA"]
[Date "2008.08.26"]
[Round "6"]
[White "Fedorchuk, Sergey A."]
[Black "Giancotti, Eraldo"]
[Result "1-0"]
[WhiteElo "2624"]
[BlackElo "2092"]
[PlyCount "47"]
[EventDate "2008.08.21"]

1. e4 d6 2. d4 Nf6 3. Nc3 g6 4. Be3 Bg7 5. h3 O-O 6. Nf3 b6 7. Bd3 Bb7 8. O-O
Nbd7 9. Re1 a6 10. a4 e6 11. Bg5 Qb8 12. Qd2 Re8 13. Rad1 Qa7 14. Qf4 e5 15.
dxe5 dxe5 16. Qh4 c6 17. Bc4 b5 18. Bb3 b4 19. Nb1 Qc5 20. Nbd2 a5 21. Nc4 Rf8
22. Nd6 Qb6 23. Nxe5 h6 24. Nxg6 1-0

[Event "XX Festival A"]
[Site "Porto San Giorgio ITA"]
[Date "2008.08.26"]
[Round "6"]
[White "Ferri, Stefano"]
[Black "Di Bello, Nicolo'"]
[Result "1/2-1/2"]
[WhiteElo "2146"]
[BlackElo "2046"]
[PlyCount "20"]
[EventDate "2008.08.21"]

1. d4 d5 2. Bg5 Nf6 3. Nf3 Qd6 4. Qc1 Bf5 5. e3 Nbd7 6. Bf4 Qb6 7. h3 h6 8. Be2
e6 9. Nbd2 Ne4 10. O-O Nxd2 1/2-1/2

[Event "XX Festival A"]
[Site "Porto San Giorgio ITA"]
[Date "2008.08.26"]
[Round "6"]
[White "Gordon, Stephen J."]
[Black "Farago, Ivan"]
[Result "1/2-1/2"]
[WhiteElo "2508"]
[BlackElo "2482"]
[PlyCount "57"]
[EventDate "2008.08.21"]

1. d4 e6 2. Nf3 Nf6 3. c4 d5 4. Bg5 Bb4+ 5. Nbd2 h6 6. Bxf6 Qxf6 7. e3 O-O 8.
a3 Bxd2+ 9. Qxd2 Rd8 10. cxd5 exd5 11. Rc1 c6 12. b4 a6 13. a4 Bf5 14. Bd3 Nd7
15. Bxf5 Qxf5 16. O-O Nb6 17. b5 axb5 18. axb5 Nc4 19. Qb4 Ra2 20. Qe7 Qc8 21.
bxc6 bxc6 22. Ra1 Rxa1 23. Rxa1 Rd7 24. Qc5 Rb7 25. h3 Rb5 26. Qe7 Rb7 27. Qc5
Rb5 28. Qe7 Rb7 29. Qc5 1/2-1/2

[Event "XX Festival A"]
[Site "Porto San Giorgio ITA"]
[Date "2008.08.26"]
[Round "6"]
[White "Granaldi, Alessandro"]
[Black "Buono, Michele"]
[Result "0-1"]
[WhiteElo "2082"]
[BlackElo "2194"]
[PlyCount "72"]
[EventDate "2008.08.21"]

1. e4 Nf6 2. Nc3 d5 3. e5 Ne4 4. Nce2 d4 5. c3 Nc6 6. cxd4 Ng5 7. Qa4 Qd5 8. d3
Ne6 9. Be3 b5 10. Qb3 Qxb3 11. axb3 Nb4 12. Kd2 Bb7 13. Nc3 a6 14. f4 O-O-O 15.
Nge2 g6 16. Ne4 Kb8 17. Ng5 Nxg5 18. fxg5 e6 19. Nf4 h6 20. Be2 hxg5 21. Nh3
Bxg2 22. Nxg5 Bxh1 23. Nxf7 Rxh2 24. Nxd8 Bf3 25. Re1 Nd5 26. Bg1 Bb4+ 27. Kd1
Rxe2 28. Rxe2 Nf4 29. Nc6+ Bxc6 30. Rh2 Nxd3 31. Rh8+ Kb7 32. Be3 Bf3+ 33. Kc2
Be4 34. Kb1 Nxe5+ 35. Ka2 Nc6 36. Rh4 Bf5 0-1

[Event "XX Festival A"]
[Site "Porto San Giorgio ITA"]
[Date "2008.08.26"]
[Round "6"]
[White "Greabca, Irina"]
[Black "Vuelban, Virgilio"]
[Result "0-1"]
[WhiteElo "2126"]
[BlackElo "2263"]
[PlyCount "36"]
[EventDate "2008.08.21"]

1. d4 d5 2. Nf3 Nf6 3. g3 e6 4. Bg2 Be7 5. O-O O-O 6. c4 dxc4 7. Qc2 a6 8. a4
Nbd7 9. Qxc4 c5 10. Rd1 b5 11. Qc2 Bb7 12. dxc5 Be4 13. Qc3 Nd5 14. Qe1 Nxc5
15. axb5 Nb3 16. Rxa6 Bxb1 17. Nd4 Nxd4 18. Rxd4 Bc5 0-1

[Event "XX Festival A"]
[Site "Porto San Giorgio ITA"]
[Date "2008.08.26"]
[Round "6"]
[White "Maiorov, Nikita"]
[Black "Kizov, Atanas"]
[Result "1-0"]
[WhiteElo "2535"]
[BlackElo "2426"]
[PlyCount "81"]
[EventDate "2008.08.21"]

1. d4 d5 2. c4 dxc4 3. Nf3 c5 4. e4 cxd4 5. Qxd4 Qxd4 6. Nxd4 Bd7 7. Bxc4 Nc6
8. Nxc6 Bxc6 9. f3 e6 10. Be3 Nf6 11. Nd2 Bd6 12. Be2 Nd7 13. Kf2 Ke7 14. Rac1
Rhc8 15. Nb3 a5 16. Nd4 Bc5 17. Rhd1 b6 18. Rc3 Bb7 19. Bb5 Nf6 20. Ke2 Bxd4
21. Bxd4 Rxc3 22. bxc3 Ba6 23. Bxa6 Rxa6 24. Rb1 Nd7 25. Bxg7 f6 26. Bh6 Ra8
27. Be3 Rc8 28. Kd2 Rc6 29. Bd4 Kd6 30. Kd3 Nc5+ 31. Kc2 e5 32. Bxc5+ Kxc5 33.
Rd1 Kc4 34. Rd7 h5 35. Rh7 b5 36. a3 a4 37. Rxh5 b4 38. axb4 a3 39. Rh8 Ra6 40.
Rc8+ Kb5 41. Rc5+ 1-0

[Event "XX Festival A"]
[Site "Porto San Giorgio ITA"]
[Date "2008.08.26"]
[Round "6"]
[White "Maksimovic, Miodrag"]
[Black "Rinaudo, Sergio"]
[Result "1-0"]
[WhiteElo "2003"]
[BlackElo "2116"]
[PlyCount "103"]
[EventDate "2008.08.21"]

1. e4 e5 2. Nc3 Nf6 3. f4 d5 4. fxe5 Nxe4 5. d3 Nxc3 6. bxc3 c5 7. Nf3 Be7 8.
d4 Nc6 9. Bd3 Bg4 10. Be3 Qa5 11. Bd2 cxd4 12. cxd4 Bb4 13. Rb1 Bxf3 14. gxf3
Bxd2+ 15. Qxd2 Qxd2+ 16. Kxd2 Nxd4 17. Ke3 Nc6 18. Rxb7 Nxe5 19. Bb5+ Kf8 20.
Rd1 g5 21. Rxd5 Ng6 22. Rxg5 Kg7 23. c4 a6 24. Ba4 Rac8 25. c5 Kf6 26. Rh5 a5
27. f4 h6 28. Bb5 Rhd8 29. c6 Re8+ 30. Kf3 Kg7 31. Rd5 Re7 32. f5 Re5 33. Rbd7
Rxd5 34. Rxd5 Ne7 35. Rc5 Rc7 36. Ke4 Kf6 37. h4 Nc8 38. Ba4 Nb6 39. Bb5 Nc8
40. a3 Nd6+ 41. Kd5 Nxf5 42. Bd3 Ne7+ 43. Kd6 Ra7 44. c7 Nc8+ 45. Kc6 a4 46.
Be2 Kg6 47. Bg4 Ne7+ 48. Kb6 Ra8 49. Re5 f5 50. Bf3 Nc8+ 51. Kb7 Kf6 52. Rd5
1-0

[Event "XX Festival A"]
[Site "Porto San Giorgio ITA"]
[Date "2008.08.26"]
[Round "6"]
[White "Massironi, Marco"]
[Black "Di Caro, Calogero"]
[Result "1/2-1/2"]
[WhiteElo "2145"]
[BlackElo "2399"]
[PlyCount "26"]
[EventDate "2008.08.21"]

1. e4 c5 2. Nf3 Nc6 3. d4 cxd4 4. Nxd4 g6 5. c4 Nf6 6. Nc3 d6 7. Be2 Nxd4 8.
Qxd4 Bg7 9. Be3 O-O 10. Qd2 a5 11. O-O a4 12. Rac1 Qa5 13. f3 Be6 1/2-1/2

[Event "XX Festival A"]
[Site "Porto San Giorgio ITA"]
[Date "2008.08.26"]
[Round "6"]
[White "Mrdja, Milan"]
[Black "Parpinel, Marco"]
[Result "1-0"]
[WhiteElo "2409"]
[BlackElo "2159"]
[PlyCount "75"]
[EventDate "2008.08.21"]

1. e4 Nc6 2. Nf3 f5 3. exf5 d5 4. Bb5 Bxf5 5. d4 Qd6 6. O-O Nf6 7. Ne5 Nd7 8.
Bxc6 bxc6 9. Bf4 Nxe5 10. Bxe5 Qg6 11. c4 Rb8 12. b3 dxc4 13. Nc3 e6 14. Qf3
Be7 15. Qxc6+ Kf7 16. Rfe1 Rhf8 17. Re3 Bh4 18. Qxc4 Kg8 19. Rf1 h5 20. Qe2
Rbd8 21. Ne4 Rd5 22. h3 Rf7 23. Ng3 c5 24. Nxf5 exf5 25. Qc4 cxd4 26. Bxd4 Rd8
27. Re6 Bf6 28. Bxf6 gxf6 29. Re7 Kg7 30. Rfe1 Rdf8 31. R7e3 Qh6 32. Rf3 Qd2
33. Re2 Qd1+ 34. Kh2 Qd6+ 35. Rg3+ Kh6 36. Re6 Qb8 37. Qh4 Qc7 38. Qg5+ 1-0

[Event "XX Festival A"]
[Site "Porto San Giorgio ITA"]
[Date "2008.08.26"]
[Round "6"]
[White "Naumkin, Igor"]
[Black "Hera, Imre jr"]
[Result "1/2-1/2"]
[WhiteElo "2502"]
[BlackElo "2518"]
[PlyCount "33"]
[EventDate "2008.08.21"]

1. d4 d5 2. c4 dxc4 3. Nf3 Nf6 4. e3 e6 5. Bxc4 a6 6. a4 c5 7. O-O Nc6 8. Qe2
Qc7 9. Rd1 Be7 10. Nc3 O-O 11. h3 Rd8 12. d5 exd5 13. Bxd5 Nb4 14. e4 Nfxd5 15.
Nxd5 Nxd5 16. exd5 Bf5 17. Be3 1/2-1/2